| 000 | 00871cam a2200265 4500 | ||
|---|---|---|---|
| 001 | 4535634 | ||
| 003 | PILC | ||
| 005 | 20150827150516.0 | ||
| 008 | 700123s1967 nyuac 001 0 eng | ||
| 010 | _a 67018982 | ||
| 040 |
_aDLC _cDLC _dDLC |
||
| 041 | 1 | _aengfre | |
| 050 | 0 | 0 |
_aND 450 _b.E813 1967 |
| 082 | 0 | 0 | _a759.94 |
| 100 | 1 |
_aEspezel, Pierre d', _d1893- |
|
| 240 | 1 | 0 |
_aHistoire de la peinture. _lEnglish |
| 245 | 1 | 4 |
_aThe pageant of painting, _bfrom the Byzantine to Picasso / _cPierre d'Espezel and François Fosca. |
| 260 |
_aNew York : _bH. N. Abrams, _c1967. |
||
| 300 |
_a276 pages : _billustrations (some color) ; _c22 cm. |
||
| 500 | _aTranslation of Histoire de la peinture. | ||
| 650 | 0 | _aPainting, European. | |
| 700 | 1 |
_aFosca, François, _d1881- _ejoint author. |
|
| 906 |
_a7 _bcbc _corignew _du _encip _f19 _gy-gencatlg |
||
| 942 |
_2lcc _cBK _kFOR |
||
| 999 |
_c288543 _d288543 |
||